| 000 | 01506cam a2200349 i 4500 | ||
|---|---|---|---|
| 999 |
_c1979 _d1979 |
||
| 001 | 005601223 | ||
| 003 | OSt | ||
| 005 | 20230222104021.0 | ||
| 008 | 190730s2016 nyua c 000 0beng d | ||
| 020 |
_a9781481452496 _q(hbk.) : |
||
| 040 |
_aNJQ/DLC _beng _cNCYU _dNCYU _dKH8 _eaacr |
||
| 042 | _anbic | ||
| 082 | 0 | _a510.92 STA | |
| 100 | 1 |
_aStanley, Diane. _eauthor |
|
| 245 | 1 | 0 |
_aAda Lovelace, poet of science : _bthe first computer programmer / _cby Diane Stanley ; illustrated by Jessie Hartland. |
| 246 | 3 | 0 | _aFirst computer programmer. |
| 250 | _a1st ed. | ||
| 260 |
_aNew York : _bSimon & Schuster Books for Young Readers, _cc2016. |
||
| 300 |
_a1 v. (unpaged) : _bcol. ill. ; _c24 x 31 cm. |
||
| 504 | _aIncludes bibliographical references. | ||
| 520 |
_a"A fascinating look at Ada Lovelace, the pioneering computer programmer and the daughter of the poet Lord Byron." -- _cProvided by publisher. |
||
| 521 | 1 | _aAges 4-8. | |
| 521 | 2 | _aGrades K to 3. | |
| 600 | 1 | 0 |
_aLovelace, Ada King, _cCountess of, _d1815-1852 _vJuvenile literature. |
| 600 | 1 | 0 |
_aBabbage, Charles, _d1791-1871 _vJuvenile literature. |
| 650 | 0 |
_aWomen mathematicians _zGreat Britain _vBiography _vJuvenile literature. |
|
| 650 | 0 |
_aWomen computer programmers _zGreat Britain _vBiography _vJuvenile literature. |
|
| 650 | 0 |
_aMathematicians _zGreat Britain _vBiography _vJuvenile literature. |
|
| 650 | 0 |
_aComputers _xHistory _y19th century _vJuvenile literature. |
|
| 700 | 1 |
_aHartland, Jessie. _eillustrator |
|
| 942 |
_2ddc _cNFIC |
||